Clic Chronologie de la diffusion des musiques populaires - Statistiques

Statistiques générales
  • Ce quiz a été pris 73 fois
  • Le résultat moyen est 3 sur 16
Statistiques - réponses
Hint Réponse % Correct
Généralisation d'internet et effondrement du marché du disque 2000
56%
Généralisation du streaming 2008
47%
Invention du phonographe par Edison 1877
33%
Invention du gramophone par Berliner 1887
28%
Création du disque compact 1982
26%
Commercialisation des 1ers 45 tours 1949
23%
Apparition du clip vidéo en Australie 1975
21%
Apparition des 1ers jukeboxes 1927
18%
Invention de l'enregistrement magnétique avec le télégraphone 1898
16%
1ère production de disques double face par Columbia 1908
11%
Création du disque 78 tours 1925
11%
Lancement de la cassette audio 1963
11%
Apparition des 1ers disques vinyles 1948
9%
Apparition des 1ers scopitones 1960
9%
Création des disques d'art aux Etats-Unis 1958
7%
Diffusion des 1ers hit parades 1935
2%
Aucun quiz correspondant
Distribution des résultats
% des personnes avec chaque résultat
Percentile par nombre de réponses
Votre historique - résultats
Vous n’avez pas pris ce quiz